Limitations of social research (Record no. 167)

MARC details
000 -LEADER
fixed length control field 00424nam a2200169Ia 4500
020 ## - INTERNATIONAL STANDARD BOOK NUMBER
ISBN 0582-48049-3
082 ## - DEWEY DECIMAL CLASSIFICATION NUMBER
Classification number 300.72 SHI-;
100 ## - MAIN ENTRY--AUTHOR NAME
Personal name Shipman, M.D.
245 #0 - TITLE STATEMENT
Title Limitations of social research
260 ## - PUBLICATION, DISTRIBUTION, ETC. (IMPRINT)
Place of publication London
Name of publisher Longman
Year of publication 1972
300 ## - PHYSICAL DESCRIPTION
Number of Pages 195p.
504 ## - BIBLIOGRAPHY, ETC. NOTE
Bibliography, etc Includes index
650 ## - SUBJECT ADDED ENTRY--TOPICAL TERM
Topical Term Research - Methodology
650 ## - SUBJECT ADDED ENTRY--TOPICAL TERM
Topical Term Social sciences - Experiments
650 ## - SUBJECT ADDED ENTRY--TOPICAL TERM
Topical Term Social sciences - Research
942 ## - ADDED ENTRY ELEMENTS (KOHA)
Koha item type Books
Holdings
Withdrawn status Lost status Damaged status Not for loan Home library Current library Date acquired Full call number Accession Number Price effective from Koha item type
        NASSDOC Library NASSDOC Library 08/06/2004 300.72 SHI-; 5733 18/04/2019 Books